000 00759nas a2200277 4500
001 BR7801620
003 BR-BrBNA
005 20231205083402.0
007 ta
008 230509b bl.|||p| |||| 00| 00por d
040 _aBR-BrBNA
_bpor
_cBiblioteca Nacional de Agricultura
041 _a(Pt)
072 _aF60; F21
100 1 _aCavalcante, A.L.
245 1 _aFixacao de nitrogenio do ar em gramineas
650 _aFisiologia vegetal
650 _aBiologia vegetal
650 _aGraminea
650 _aSimbiose
650 _aFixacao de nitrogenio
650 _aBacteria
650 _aAdubo
773 0 _tLavoura (Brazil)
_xISSN 0023-9135
_g(May 1978), v. 81 p. 3-5
_wBR7801620
909 _a202311
_bLúcia
_c55
_dLúcia Elande
942 _2AGRIS
_n0
_cANA
999 _c98378
_d98378